Report Of The Finance Committee On The Request For Waiver Of Customs Duties, Value Added Tax, ECOWAS & Exim Levies And Other Related Imposts On Imports Amounting To One Million, Two Hundred And Fifty One Thousand, One Hundred And Eighty Four United States Dollars (US$1,251,184.00) On Goods And Equipment To Be Procured For The Smooth Implementation Of The Ghana Agriculture Sector Investment Program(GASIP) (Record no. 4649)

MARC details
000 -LEADER
fixed length control field 01146nam a22001697a 4500
003 - CONTROL NUMBER IDENTIFIER
control field OSt
005 - DATE AND TIME OF LATEST TRANSACTION
control field 20241106095620.0
008 - FIXED-LENGTH DATA ELEMENTS--GENERAL INFORMATION
fixed length control field 241106b |||||||| |||| 00| 0 eng d
041 ## - LANGUAGE CODE
Language code of text/sound track or separate title English
082 ## - DEWEY DECIMAL CLASSIFICATION NUMBER
Classification number CR/RFC/18 Acc No 9768
110 ## - MAIN ENTRY--CORPORATE NAME
Corporate name or jurisdiction name as entry element Parliament Of Ghana
245 ## - TITLE STATEMENT
Title Report Of The Finance Committee On The Request For Waiver Of Customs Duties, Value Added Tax, ECOWAS & Exim Levies And Other Related Imposts On Imports Amounting To One Million, Two Hundred And Fifty One Thousand, One Hundred And Eighty Four United States Dollars (US$1,251,184.00) On Goods And Equipment To Be Procured For The Smooth Implementation Of The Ghana Agriculture Sector Investment Program(GASIP)
260 ## - PUBLICATION, DISTRIBUTION, ETC.
Place of publication, distribution, etc. Accra
Name of publisher, distributor, etc. Parliament Of Ghana
Date of publication, distribution, etc. 2018
300 ## - PHYSICAL DESCRIPTION
Extent 6p,tab
650 ## - SUBJECT ADDED ENTRY--TOPICAL TERM
Source of heading or term Waiver Of Customs Duties, Value Added Tax, ECOWAS & Exim Levies And Other Related Imposts On Imports Amounting To One Million, Two Hundred And Fifty One Thousand, One Hundred And Eighty Four United States Dollars (US$1,251,184.00) On Goods And Equipment To Be Procured For The Smooth Implementation Of The Ghana Agriculture Sector Investment Program(GASIP)
942 ## - ADDED ENTRY ELEMENTS (KOHA)
Source of classification or shelving scheme Dewey Decimal Classification
Koha item type Reports
Suppress in OPAC No
Holdings
Withdrawn status Lost status Source of classification or shelving scheme Damaged status Not for loan Home library Current library Shelving location Date acquired Total checkouts Full call number Date last seen Copy number Price effective from Koha item type
    Dewey Decimal Classification     Main Library Main Library Open Shelves 06/11/2024   CR/RFC/18 Acc No 9768 C1 06/11/2024 1 06/11/2024 Reports
    Dewey Decimal Classification     Main Library Main Library Open Shelves 06/11/2024   CR/RFC/18 Acc No 9769 C2 06/11/2024 2 06/11/2024 Reports
    Dewey Decimal Classification     Main Library Main Library Open Shelves 06/11/2024   CR/RFC/18 Acc No 9770 C3 06/11/2024 3 06/11/2024 Reports
©2026  Parliament of Ghana Library - All rights reserved